Reglamento del Ateneo Vilasanés de la Clase Obrera
Descripción Física:
16 p. ; 22 cm
MARC
| LEADER | 00000nam a2200000Ia 4500 | ||
|---|---|---|---|
| 001 | 20627 | ||
| 003 | BGR | ||
| 005 | 20260324180146.0 | ||
| 008 | 160829s1885 xx 000 0 cat d | ||
| 080 | |a 3393, exp. 8 | ||
| 110 | 2 | |a Ateneo Vilasanés de la Clase Obrera |9 70560 | |
| 245 | |a Reglamento del Ateneo Vilasanés de la Clase Obrera | ||
| 260 | |a Barcelona : |b Tipo-litografía de los sucesores de N. Ramírez y Ca., |c 1885 | ||
| 300 | |a 16 p. ; |c 22 cm | ||
| 650 | |a Ateneo Vilasanés de la Clase Obrera |x Reglaments i procediment |9 48101 | ||
| 901 | |a Arxiu | ||
| 942 | |n 1 |2 udc |c MON | ||
| 952 | |0 0 |1 0 |4 0 |6 3393_EXP_8 |7 1 |9 54325 |a Arxiu |b Arxiu |d 2016-12-01 |l 0 |o 3393, exp. 8 |p 20627 |r 2016-12-01 00:00:00 |w 2016-12-01 |y ARXIU | ||
| 999 | |c 58194 |d 58194 | ||